Normal view MARC view
  • Somalia , CASE STUDIES , military operations , stability , international relations , united nations , military forces foreign , MILITARY FORCES UNITED STATES , government foreign , infrastructure , humanitarian assistance , rules of engagement , INTERAGENCY COORDINATION

Entry Geographic Name

Number of records used in: 2

001 - CONTROL NUMBER

  • control field: 13028

003 - CONTROL NUMBER IDENTIFIER

  • control field: NUST

005 - DATE AND TIME OF LATEST TRANSACTION

  • control field: 20190110092229.0

008 - FIXED-LENGTH DATA ELEMENTS

  • fixed length control field: 190110|| aca||aabn | a|a d

040 ## - CATALOGING SOURCE

  • Original cataloging agency: NUST
  • Transcribing agency: NUST

151 ## - HEADING--GEOGRAPHIC NAME

  • Geographic name: Somalia , CASE STUDIES , military operations , stability , international relations , united nations , military forces foreign , MILITARY FORCES UNITED STATES , government foreign , infrastructure , humanitarian assistance , rules of engagement , INTERAGENCY COORDINATION

670 ## - SOURCE DATA FOUND

  • Source citation: Work cat.: (NUST): Harned,Glenn M 13027, Stability Operations in Somalia 1992-1993, 2016
© 2023 Central Library, National University of Sciences and Technology. All Rights Reserved.